000 00418nam a2200181Ia 4500
005 20240823010526.0
008 240823s9999||||xx |||||||||||||| ||und||
041 _aENGLISH
082 _A336.24 P0
100 _aAmit Bhargava
245 0 _aIncome Tax Rules
250 _a1st
260 _c2000
_b"Taxma,New Delhi"
500 _aYES
650 _aManagement
_bManagement Studies
942 _cBK
999 _c158888
_d158888